000 00854nab a2200253 u 4500
001 11480
003 HDC
007 cr bn ---aaaaa
008 210207c mydr|nes 0 a eng d
040 _aHDC
100 _aEubanks, Jacquie,
_eauthor
_911791
245 0 _aHave Creaky Joints? Try MSM /
_cby Jacquie Eubanks
260 _a[no place] :
_b[publisher not identified],
_c[no year]
336 _atext
_2rdacontent
337 _acomputer
_2rdamedia
338 _aonline resource
_2rdacarrier
650 _aHealth
_94234
650 _aMethylsulfonylmethane
_911792
710 _aProfessional Supplement Center
856 _zRequest full-text at [email protected]
942 _2lcc
942 _cNEWS
942 _kNWSO 000364
999 _c8803
_d8803